| 000 | 00578cam a2200181 4500 | ||
|---|---|---|---|
| 008 | 150928n 000 0 eng u | ||
| 020 | _a9780520261990 | ||
| 035 | _a(Sirsi) a192740 | ||
| 050 | _aQL 568.F7 MOF 2010 | ||
| 100 | _aMoffett, Mark W. | ||
| 245 |
_aAdventures Among Ants: A Global Safari With A Cast Of Trillions/ _cby Mark W. Moffett |
||
| 260 |
_aCalifornia: _bCalifornia press, _c2010 |
||
| 300 |
_a279p.: _bill. |
||
| 504 | _aIncludes bibliographical references and index | ||
| 650 | _aAnts-behaviour | ||
| 650 | _aAnt communities | ||
| 650 | _aAnts-ecology | ||
| 999 |
_c124937 _d124937 |
||